| 000 | 00518nam a22001937a 4500 | ||
|---|---|---|---|
| 005 | 20220820123613.0 | ||
| 008 | 220820b ||||| |||| 00| 0 eng d | ||
| 040 | _cAL | ||
| 041 | _aEnglish | ||
| 082 |
_223 _a321.80954 _bBOMC |
||
| 100 |
_aBombay Labour union _955077 |
||
| 245 | _aConstitution and rules | ||
| 260 |
_aBombay _bRaja Rammohan Roy |
||
| 300 |
_a20 p. _bPB _c22x14 cm. |
||
| 650 |
_aLabour union _955078 |
||
| 650 |
_aConstitution _955079 |
||
| 700 |
_aBOMBAY LABOUR UNION _955080 |
||
| 942 |
_2ddc _cGF |
||
| 999 |
_c224455 _d224455 |
||